MARC

LEADER 00000nam0a2200000 4500
001 218275
005 20231101230201.0
010 |a 5776600960 
035 |a (RuTPU)RU\TPU\book\238292 
090 |a 218275 
100 |a 20120618d1989 m y0rusy50 ca 
101 0 |a rus 
102 |a UA 
105 |a a z 001zy 
200 1 |a "Мы даем клятву..."  |e сборник  |f сост. Ю. В. Соколов 
210 |a Харьков  |c Прапор  |d 1989 
215 |a 263 с.  |c ил. 
320 |a Библиогр. в примеч. 
606 1 |a Персоналии деятелей КПСС  |x История  |2 stltpush  |3 (RuTPU)RU\TPU\subj\48642  |9 67493 
610 1 |a политика 
610 1 |a СССР 
610 1 |a Коммунистическая партия 
610 1 |a биографические сведения 
610 1 |a политические деятели 
610 1 |a история 
610 1 |a Октябрьская революция 1917 
610 1 |a Украина 
610 1 |a КПСС 
686 |a Ф61(2)8  |v LBC/SL-A  |2 rubbk 
702 1 |a Соколов  |b Ю. В.  |4 220 
801 1 |a RU  |b 63413507  |c 20120618 
801 2 |a RU  |b 63413507  |c 20151215  |g RCR 
942 |c BK